FLAME-Katseye (Korean, Chinese and Spanish lyrics vers.) Jentry Chau - Statistics

General Stats
  • This quiz has been taken 6 times
  • The average score is 17 of 38
Answer Stats
Lyrics % Correct
ni
80%
ni
80%
ni
80%
wo
80%
wo
80%
wo
80%
bupei.
60%
bupei.
60%
bupei.
60%
dan
60%
dan
60%
dan
60%
dedao
60%
dedao
60%
dedao
60%
Este
60%
fuego.
60%
genben
60%
genben
60%
genben
60%
Xiang
60%
Xiang
60%
Xiang
60%
yao
40%
yao
40%
yao
40%
jilleo.
20%
Soneul
20%
sori
20%
wiro,
20%
Neomu
0%
sarangeun
0%
sarangeun
0%
Tteugeowo.
0%
Uriui
0%
Uriui
0%
wiheomhaenneunde.
0%
wiheomhaenneunde.
0%
No matching quizzes found
Score Distribution
Percent of People with Each Score
Percentile by Number Answered
Your Score History
You have not taken this quiz